000 00292nam a22001337a 4500
008 180914b xxu||||| |||| 00| 0 eng d
020 _a0690008066
041 _aeng
080 _a821
100 _a21
101 _aGJL
245 _aThe Language of Argument
_cMcDonald, D
942 _2udc
_cBK
999 _c47778
_d47778